Sochár Ladislav Majerský vo svojom atelieri

Bibliographic Details
Format: Article
Language:Slovak
Subjects:

MARC

LEADER 00000nab a22000001a 4500
001 vtls010308737
003 SK-MaSNL
005 20260303091512.0
008 110906d19381211xo |r|p|||| |000 b|slo
015 |a SNBRRBVU1918-1938 
038 |a SNKBUCL 
040 |a SNKBUVU  |b slo  |c SNKBUCL  |e AACR2 
041 0 |a slo 
044 |a xo  |c SK 
080 |a 730.071.1  |2 1997 
245 0 0 |a Sochár Ladislav Majerský vo svojom atelieri 
500 |a V rubrike Nedeľná beseda 
600 1 7 |a Majerský, Ladislav,  |d 1900-1965  |2 MM  |9 38640 
650 0 7 |a slovenskí sochári  |2 snkbucl  |9 321857 
655 7 |a fotografie  |2 MM  |9 70713 
773 0 |t Slovenský denník  |g Roč. 21, č. 286 (11.12.1938), s. 6 
852 |a SNK  |b KIS3GCP 
910 |a snkrbvumm 
958 |a VY 
999 |c 1807976  |d 1809906